| 000 | 00620nam a2200205Ia 4500 | ||
|---|---|---|---|
| 003 | OSt | ||
| 005 | 20250813115222.0 | ||
| 008 | 210210b1999 xxu||||| |||| 00| 0 eng d | ||
| 040 | _cAL | ||
| 041 | _aKannada | ||
| 082 | _aK894.9 RAMP | ||
| 100 |
_aRAMACHANDRA (M) _dರಾಮಚಂದ್ರ (ಎಂ) _9235321 |
||
| 245 |
_aPanje Mangesha Rayaru. _bಪಂಜೆ ಮಂಗೇಶರಾಯರು |
||
| 260 |
_aMangalagangothri _bPrasaranga _c1999 |
||
| 300 | _a92 | ||
| 650 |
_aPanje Mangesha RayaMangala pracharopanyasa malike 24 _9235322 |
||
| 690 |
_aKannada Criticism _9235323 |
||
| 906 | _a058769 | ||
| 942 |
_2ddc _cBK |
||
| 999 |
_c106198 _d106198 |
||